00000000nam 2200000zi 4500
0019.939746
003CaOODSP
00520241126095234
006m     o  d f      
007cr mn|||||||||
008240624e199104##onc     of   f000 0 eng d
040 |aCaOODSP|beng|erda|cCaOODSP
043 |an-cn---
0861 |aCo22-767/1991E-PDF
24500|aRecords management guide / |cproduced by Records Management Section, Administrative and Technical Services Branch.
264 1|a[Ottawa] : |bCommunications Canada, |cApril 1991.
300 |a1 online resource (12 pages)
336 |atext|btxt|2rdacontent
337 |acomputer|bc|2rdamedia
338 |aonline resource|bcr|2rdacarrier
500 |aIssued also in French under title: Guide de gestion des documents.
500 |aDigitized edition from print [produced by Innovation, Science and Economic Development Canada].
61010|aCanada. |bCommunications Canada|xRecords and correspondence|xManagement|vHandbooks, manuals, etc.
655 7|aHandbooks and manuals|2lcgft
7101 |aCanada. |bCommunications Canada, |eissuing body.
77508|tGuide de gestion des documents / |w(CaOODSP)9.945562
85640|qPDF|s583 KB|uhttps://publications.gc.ca/collections/collection_2024/isde-ised/co22/Co22-767-1991-eng.pdf